LA PSICOLOGIA EN AMERICA LATINA PASADO, PRESENTE Y FUTURO (Registro nro. 34948)
[ vista simple ]
| 000 -LEADER | |
|---|---|
| fixed length control field | 00503nam a2200181 a 4500 |
| 001 - CONTROL NUMBER | |
| control field | 34948 |
| 005 - DATE AND TIME OF LATEST TRANSACTION | |
| control field | 20180714003159.0 |
| 008 - FIXED-LENGTH DATA ELEMENTS--GENERAL INFORMATION | |
| fixed length control field | 140415s1986 mx 000 0 spa d |
| 020 ## - INTERNATIONAL STANDARD BOOK NUMBER | |
| International Standard Book Number | 9682313805 |
| 041 ## - LANGUAGE CODE | |
| Language code of text/sound track or separate title | spa |
| 082 ## - DEWEY DECIMAL CLASSIFICATION NUMBER | |
| Classification number | 150.98 |
| Item number | ARD |
| 100 1# - MAIN ENTRY--PERSONAL NAME | |
| Personal name | ARDILA, RUBEN |
| 245 13 - TITLE STATEMENT | |
| Title | LA PSICOLOGIA EN AMERICA LATINA PASADO, PRESENTE Y FUTURO |
| 250 ## - EDITION STATEMENT | |
| Edition statement | 1a ed. |
| 260 ## - PUBLICATION, DISTRIBUTION, ETC. | |
| Place of publication, distribution, etc. | MEXICO : |
| Name of publisher, distributor, etc. | SIGLO XXI EDITORES, |
| Date of publication, distribution, etc. | 1986 |
| 300 ## - PHYSICAL DESCRIPTION | |
| Extent | 209 |
| 650 14 - SUBJECT ADDED ENTRY--TOPICAL TERM | |
| Topical term or geographic name entry element | PSICOLOGIA |
| General subdivision | AMERICA LATINA |
| -- | HISTORIA |
| Withdrawn status | Lost status | Source of classification or shelving scheme | Damaged status | Not for loan | Collection code | Home library | Current library | Shelving location | Date acquired | Source of acquisition | Inventory number | Total Checkouts | Full call number | Barcode | Date last seen | Date last checked out | Price effective from | Koha item type |
|---|---|---|---|---|---|---|---|---|---|---|---|---|---|---|---|---|---|---|
| Dewey Decimal Classification | General | Biblioteca Karol Wojtyla | Biblioteca Karol Wojtyla | Sala general | 03/12/2013 | Compra | 151000000000000000061472 | 150.98 ARD | 52845 | 05/01/2026 | 14/05/2018 | 03/12/2013 | Libro |